7 Gün (Record no. 11364)

MARC details
000 -BAŞLIK
Sabit Uzunlukta Kontrol Alanı 00928na a2200289 4500
001 - KONTROL NUMARASI
Denetim Alanı 21820
003 - KONTROL NUMARASI IDENTIFIER
Denetim Alanı MIRAKIL
005 - SON İŞLEM TARİHİ VE ZAMANI
Denetim Alanı 20181226092843.0
008 - SABİT-BOY VERİ ELEMANLARI - GENEL BİLGİLER
Sabit Uzunlukta Kontrol Alanı 170215b tu n0 0 0
035 ## - SİSTEM KONTROL NUMARASI
Sistem Kontrol Numarası 20918
040 ## - KATALOGLAMA KAYNAK
Orijinal Kataloglama Ajansı Milas
Kataloglama Dili tur
Metne Dönüştürmek Ajansı TR-AnCHP
041 ## - DİL KODU
Metin / Ses Parça Veya Ayrı Başlığın Dil Kodu tur
082 ## - DEWEY ONLU SINIFLANDIRMA NUMARASI
Sınıflandırma Numarası 050
090 ## - SINIFLAMA NUMARASI
Sınıflama Numarası 050 DER 28
222 ## - ANAHTAR ADI
Anahtar Başlık 7 Gün
245 ## - BAŞLIK TABLOSU
Başlık 7 Gün
Başlığın Kalan haftalık siyasi hber ve aktualite dergisi
260 ## - YAYIN, DAĞITIM, VB
Yayın, Dağıtım, Vb Yeri Ankara
300 ## - FİZİKSEL TANIM
Kapsam c.
Diğer Fiziksel Ayrıntıları res.
Boyutlar 27 sm.
500 ## - GENEL NOT
Genel Not mevcut sayılar: (s.68, c.5) 1974; (s.77,c.5) 1974; (s.100, c.7) 1974; (s.103, c.8) 1974; (s.104, c.8) 1974; (s.105, c.8) 1974; (s.106, c.8) 1974; (s.107,c.8) 1974; (s.108, c.8) 1974; (s.122, c.8) 1974
650 ## - KONU KATMA GİRİŞ - TOPİKAL DÖNEM
Topikal Süreli Veya Coğrafi Ad Giriş Elemanı Siyaset
Form Alt Bölümü Süreli yayınlar
Coğrafi Alt Bölümü Türkiye
650 ## - KONU KATMA GİRİŞ - TOPİKAL DÖNEM
Topikal Süreli Veya Coğrafi Ad Giriş Elemanı Aktüalite
Form Alt Bölümü Süreli yayınlar
651 ## - KONU KATMA GİRİŞ - COĞRAFİ ADI
Coğrafi İsim Türkiye
Genel Alt Bölümü Siyaset ve yönetim
Kronolojik Alt Bölümü Süreli yayınlar
910 ## - KULLANICI SEÇENEK, VERİLERİN (OCLC)
Kullanıcı Seçenek Veri DERGİ 28
942 ## - EKLENDİ GİRİŞ ELEMANLARI (KOHA)
Sınıflandırma Veya Raf Düzeni Kaynak Dewey Decimal Classification
Koha Öğesi Türü Serials
999 ## - SİSTEM KONTROL NUMARALARI (KOHA)
Koha Biblionumber 11364
Koha Biblioitemnumber 11364
310 ## - MEVCUT YAYIN FREKANSI
Güncel Yayın Frekansı Haftalık
655 ## - INDEX DÖNEM - TÜR / FORMU
-- Dergi
Holdings
Kullanım Kısıtlamaları Kalıcı Konum Mevcut Konum Edinme Tarihi Kodlu Konum Eleme Toplam Check-Out'Lar Tam Çağrı Numarası Barkod Tarih Son Görülme İtibaren Geçerli Fiyatlar Sigara Kamu Notu Koha Öğesi Türü
Kütüphane dışına çıkarılamaz CHP Kütüphanesi CHP Kütüphanesi 02/08/2017 SÜRELİ YAYINLAR   CHP 050 DER 174 D028 02/08/2017 02/08/2017 Serials